Makanan penawar yang menakjubkan
| Main Author: | Adams, Rex |
|---|---|
| Other Authors: | Zarina Musa |
| Published: |
Selangor:
Crescent News (K.L.) Sdn. Bhd.,
2010.
|
| Subjects: |
| LEADER | 00576cam a2200181 7i4500 | ||
|---|---|---|---|
| 001 | 0000049585 | ||
| 005 | 20241128090000.0 | ||
| 020 | |a 9789830618555 | ||
| 090 | 0 | 0 | |a RM216 |b .A37 2010 |
| 100 | 1 | |a Adams, Rex | |
| 245 | 1 | 0 | |a Makanan penawar yang menakjubkan |c Rex Adams; penterjemah, Zarina Musa. |
| 260 | |a Selangor: |b Crescent News (K.L.) Sdn. Bhd., |c 2010. | ||
| 300 | |a xxxviii, 370 p.; |c 23 cm. | ||
| 500 | |a Gift: Zainol Ahmad Resource Center | ||
| 650 | 0 | 0 | |a Diet therapy |
| 650 | 0 | 0 | |a Diet therapy |
| 700 | 0 | |a Zarina Musa | |
| 999 | |a 0000061934 |b BOK |c OPEN SHELF |e 1st Floor, Shah Alam | ||


